000 00586nam a22002057a 4500
003 OSt
005 20210416110244.0
008 210225s1964 ||||| |||| 00| 0 eng d
040 _aeng
_beng
_cDLC
041 _aeng
080 _a821.111
_bS-56
100 _9915
_aShute, Nevil
245 _aSlide Rule / The Autobiography of an Engineer
_c/ by: Ballantine Books
260 _aNew York
_bBallantine Books
_c1964
300 _a224 p.
365 _b0.6 usd
650 0 _9247
_aEnglish literature
653 _aინგლისური ლიტერატურა
942 _2udc
_cBK
999 _c1993
_d1993